Score 0/197 Timer 02:00
1 Play Today
Letter Capital % Correct
BBaghdad
95.2%
BBaku
95.2%
BBanjul
95.2%
BBamako
95.2%
BBandar Seri Begawan
95.2%
BBangkok
95.2%
BBangui
95.2%
BBasseterre
95.2%
BBeijing
95.2%
BBeirut
95.2%
BBelgrade
95.2%
BBelmopan
95.2%
BBerlin
95.2%
BBern
95.2%
BBishkek
95.2%
BBissau
95.2%
BBogota
95.2%
BBrasilia
95.2%
BBratislava
95.2%
BBrazzaville
95.2%
BBridgetown
95.2%
BBrussels
95.2%
BBucharest
95.2%
BBudapest
95.2%
BBuenos Aires
95.2%
AAbu Dhabi
87.9%
AAsuncion
88%
AAthens
88%
AAlgiers
87.9%
AAbuja
87.9%
AAccra
87.9%
AAddis Ababa
87.9%
AAmman
87.9%
AAmsterdam
87.9%
AAndorra la Vella
87.9%
AAnkara
87.9%
AAntananarivo
87.9%
AApia
87.9%
AAshgabat
87.9%
AAsmara
87.9%
CCairo
82.9%
CCanberra
82.9%
CCaracas
82.9%
CCastries
82.9%
CChisinau
82.9%
CConakry
82.9%
CCopenhagen
82.9%
LLa Paz
81.7%
LLisbon
81.7%
LLima
81.7%
LLibreville
81.7%
LLilongwe
81.7%
LLjubljana
81.7%
LLome
81.7%
LLondon
81.7%
LLuanda
81.7%
LLusaka
81.7%
LLuxembourg
81.7%
MMadrid
81.2%
MMajuro
81.2%
MMalabo
81.2%
MMale
81.2%
MManagua
81.2%
MManama
81.2%
MManila
81.2%
MMaputo
81.2%
Letter Capital % Correct
MMaseru
81.2%
MMbabane
81.2%
MMexico City
81.2%
MMinsk
81.2%
MMogadishu
81.2%
MMonaco
81.2%
MMonrovia
81.2%
MMontevideo
81.2%
MMoroni
81.2%
MMoscow
81.2%
MMuscat
81.2%
DDakar
77.3%
DDamascus
77.3%
DDhaka
77.3%
DDili
77.3%
DDjibouti
77.3%
DDodoma
77.3%
DDoha
77.3%
DDublin
77.3%
DDushanbe
77.3%
PPalikir
75.4%
PPort Vila
75.4%
PParis
75.4%
PPanama City
75.4%
PParamaribo
75.4%
PPhnom Penh
75.4%
PPodgorica
75.4%
PPort Louis
75.4%
PPort Moresby
75.4%
PPort-au-Prince
75.4%
PPort of Spain
75.4%
PPorto Novo
75.4%
PPrague
75.4%
PPraia
75.4%
PPretoria
75.4%
PPristina
75.4%
PPyongyang
75.4%
NNur-Sultan
74.4%
WWarsaw
64.7%
WWashington
64.7%
WWellington
64.7%
WWindhoek
64.7%
HHanoi
62.1%
HHarare
62.1%
HHavana
62.1%
HHelsinki
62.1%
HHoniara
62.1%
OOslo
61.7%
OOttawa
61.7%
OOuagadougou
61.7%
SSan Jose
59.2%
SSan Salvador
59.2%
SSan Marino
59.2%
SSanto Domingo
59.2%
SSana'a
59.2%
SSantiago
59.2%
SSao Tome
59.2%
SSarajevo
59.2%
SSeoul
59.2%
SSingapore
59.2%
SSkopje
59.2%
SSofia
59.2%
SSt. George's
59.2%
SSt. John's
59.2%
SStockholm
59.2%
SSuva
59.2%
Letter Capital % Correct
SSri Jayawardenapura Kotte
59.2%
KKingstown
58.3%
KKabul
58.3%
KKampala
58.3%
KKathmandu
58.3%
KKigali
58.3%
KKhartoum
58.3%
KKingston
58.3%
KKinshasa
58.3%
KKuala Lumpur
58.3%
KKyiv
58.3%
KKuwait City
58.3%
RRabat
56%
RReykjavik
55.9%
RRiga
55.9%
RRiyadh
55.9%
RRome
55.9%
RRoseau
55.9%
RRamallah
55.9%
TTaipei
52.9%
TTarawa
52.9%
TTallinn
52.9%
TTashkent
52.9%
TTbilisi
52.9%
TTegucigalpa
52.9%
TTehran
52.9%
TThimphu
52.9%
TTirana
52.9%
TTokyo
52.9%
TTripoli
52.9%
TTunis
52.9%
JJakarta
52.5%
JJerusalem
52.5%
JJuba
52.5%
GGitega
50%
NNairobi
47.2%
NNicosia
47.2%
NNassau
47.2%
NNaypyidaw
47.2%
NN'Djamena
47.2%
NNew Delhi
47.2%
NNgerulmud
47.2%
NNiamey
47.2%
NNouakchott
47.2%
NNuku'alofa
47.2%
VValletta
45%
VVaduz
45%
VVatican City
45%
VVictoria
45%
VVienna
45%
VVientiane
45%
VVilnius
45%
GGaborone
40.7%
GGuatemala City
40.7%
GGeorgetown
40.7%
QQuito
37.9%
FFreetown
36.5%
FFunafuti
36.5%
IIslamabad
36%
ZZagreb
31.5%
YYerevan
25%
YYamoussoukro
25%
YYaren
25%
YYaounde
25%
UUlaanbaatar
23.6%
Remove Ads.
Support Sporcle.
Get the best of Sporcle when you Go Orange. This ad-free experience offers more features, more stats, and more fun while also helping to support Sporcle. Thank you for becoming a member.

You're not logged in!

Compare scores with friends on all Sporcle quizzes.
OR
Log In

Show Comments

Extras

Top Quizzes Today


Score Distribution

Your Account Isn't Verified!

In order to create a playlist on Sporcle, you need to verify the email address you used during registration. Go to your Sporcle Settings to finish the process.

Report this User

Report this user for behavior that violates our Community Guidelines.

Details: